History Quiz

Random History or Poem Quiz

Lizzie Borden Took an Ax... Quiz Stats

 Plays Quiz not verified by Sporcle

Challenge
Share
Tweet
Embed
Score 0/23 Timer 02:00
0 Plays Today
% Correct
Lizzie
93.4%
an
92.6%
ax,
90.1%
Borden
89.3%
took
89.3%
her
86%
her
86%
she
83.5%
she
83.5%
She
83.5%
father
82.7%
mother
82.3%
% Correct
forty
82.3%
gave
81.5%
gave
81.5%
And
80.7%
When
78.6%
forty-one.
78.2%
whacks;
77%
what
76.5%
saw
76.1%
had
76.1%
done,
76.1%

You're not logged in!

Compare scores with friends on all Sporcle quizzes.
OR
Log In

You Might Also Like...

Show Comments

Extras

Top Quizzes Today


Score Distribution

Your Account Isn't Verified!

In order to create a playlist on Sporcle, you need to verify the email address you used during registration. Go to your Sporcle Settings to finish the process.

Report this User

Report this user for behavior that violates our Community Guidelines.

Details: